书目信息 |
| 题名: |
牡丹江市历史文化旅游资源探究
|
|
| 作者: | 张欣阳 著 | |
| 分册: | ||
| 出版信息: | 北京 冶金工业出版社 2018.07 |
|
| 页数: | 138页 | |
| 开本: | 21cm | |
| 丛书名: | ||
| 单 册: | ||
| 中图分类: | F592.735.3 | |
| 科图分类: | ||
| 主题词: | 文化--wen hua--旅游资源--研究--牡丹江 | |
| 电子资源: | ||
| ISBN: | 978-7-5024-7923-7 | |
| 000 | 01079nam0 2200253 450 | |
| 001 | 0100010568 | |
| 005 | 20190905093951.0 | |
| 010 | @a978-7-5024-7923-7@dCNY28.00 | |
| 100 | @a20190903d2018 em y0chiy50 ea | |
| 101 | 0 | @achi |
| 102 | @aCN@b110000 | |
| 105 | @aak a 000yy | |
| 106 | @ar | |
| 200 | 1 | @a牡丹江市历史文化旅游资源探究@Amu dan jiang shi li shi wen hua lu^ you zi yuan tan jiu@f张欣阳著 |
| 210 | @a北京@c冶金工业出版社@d2018.07 | |
| 215 | @a138页@c图@d21cm | |
| 300 | @a牡丹江师范学校人文社会科学研究项目 (QN2018017) 资助 哈尔滨秀山水国际旅行社有限公司横向课题 (2018H21) 资助 | |
| 320 | @a有书目 (第135-138页) | |
| 330 | @a本书运用田野调查法、文化背景研究法等方法, 对牡丹江市及下辖五市一县区域范围内的民俗文化、遗址文化、建筑文化、信仰文化、服饰文化、红色文化、边疆文化等历史文化旅游资源进行系统调查、挖掘整理及评价, 构建牡丹江市系统的历史文化旅游资源体系。 | |
| 606 | 0 | @a文化@Awen hua@x旅游资源@x研究@y牡丹江 |
| 690 | @aF592.735.3@v5 | |
| 701 | 0 | @a张欣阳@Azhang xin yang@4著 |
| 801 | 0 | @aCN@c20190905 |
| 905 | @a河南城建学院图书馆@dF592.735.3@eZ218 | |
| 牡丹江市历史文化旅游资源探究/张欣阳著.-北京:冶金工业出版社,2018.07 |
| 138页:图;21cm |
| 牡丹江师范学校人文社会科学研究项目 (QN2018017) 资助 哈尔滨秀山水国际旅行社有限公司横向课题 (2018H21) 资助 |
| ISBN 978-7-5024-7923-7:CNY28.00 |
| 本书运用田野调查法、文化背景研究法等方法, 对牡丹江市及下辖五市一县区域范围内的民俗文化、遗址文化、建筑文化、信仰文化、服饰文化、红色文化、边疆文化等历史文化旅游资源进行系统调查、挖掘整理及评价, 构建牡丹江市系统的历史文化旅游资源体系。 |
| ● |
| 相关链接 |
|
|
|
正题名:牡丹江市历史文化旅游资源探究
索取号:F592.735.3/Z218
 
预约/预借
| 序号 | 登录号 | 条形码 | 馆藏地/架位号 | 状态 | 备注 |
| 1 | 1438439 | 214384398 | 社科库409/409社科库 40排1列3层/ [索取号:F592.735.3/Z218] | 在馆 | |
| 2 | 1438440 | 214384405 | 社科库409/409社科库 40排1列3层/ [索取号:F592.735.3/Z218] | 在馆 |